00911cam a2200265 i 450000100090000000300050000900500170001400800410003101000170007202000180008904000290010704200150013604300210015105000230017210000260019524500920022124600230031330000240033650400670036065100300042765100300045765100370048765100370052485600840056118459875ASAB20180827062638.0150123s2015 pk b 001 0 eng  a 2014363655 a9789699556111 aDLCbengcASABerdadDLC alcodeapcc aa-cc---aa-ii---00aDS450.C5bM35 20151 aMalik, Nadeem Shafiq.10aIndia vs China :ba review of the Aksai Chin border dispute /cDr. Nadeem Shafiq Malik.3 aIndia versus China a184 pages ;c25 cm. aIncludes bibliographical references (pages 155-174) and index. 0aIndiaxBoundarieszChina. 0aChinaxBoundarieszIndia. 0aIndiaxForeign relationszChina. 0aChinaxForeign relationszIndia.413Table of contents onlyuhttp://www.loc.gov/catdir/toc/fy16pdf01/2014363655.html